Didáctica moderna; el aprendizaje y la enseñanza /

Guardado en:
Autor Principal: Ibarra Pérez, Oscar
Formato: Libro
Publicado: España : Aguilar, 1968
Edición:2a. ed.
Materias:
Etiquetas: Agregar Etiqueta
Sin Etiquetas, Sea el primero en etiquetar este registro!
LEADER 00618nam a22002175a 4500
001 CEM.cems003350
005 19000101000000.0
008 130507s1968##################000#0#####d
003 CEMS
082 0 4 |a 370.1 
100 1 |a Ibarra Pérez, Oscar 
245 1 0 |a Didáctica moderna; el aprendizaje y la enseñanza /  |c Oscar Ibarra Pérez 
250 |a 2a. ed. 
260 |a España :  |b Aguilar,  |c 1968 
300 |a 310 p. 
653 |a Aprendizaje 
653 |a Aprendizaje-didactica 
653 |a Didactica 
653 |a Disciplina escolar 
653 |a Educacion 
859 |a CEMS  |b BIB. CEMS - 11 de abril  |h 370.1  |i Ib1a2  |p 4226.75  |t Ej.1